000 01031cam7a220024100 4500
001 qce02015661
005 20190830103603.0
008 830707s1982 ja b b 001 0 eng d
020 _a4805304804
035 _a(Sirsi) r25758
035 _a(QCAT)lss03812040
035 _a(UPRA)qce02015661
040 _dUPRA
100 1 _aBeasley, W. G. (William G.), 1919-
_qBeasley, W. G. (William G.), 1919-
_dBeasley, W. G. (William G.), 1919-
_6A36696.1
245 1 4 _aThe modern history of Japan /
_cW.G. Beasley.
250 _a3rd rev. ed.
260 _aTokyo, Japan ; Rutland, Vermont :
_aTokyo, Japan ; Rutland, Vermont :
_bCharles E. Tuttle Co.,
_c1982.
504 _aIncludes bibliographical references and index.
651 0 _aJapan -- History -- 19th century.
_xJapan -- History -- 19th century.
_yJapan -- History -- 19th century.
_6S64034.1
651 0 _aJapan -- History -- 1868-
_xJapan -- History -- 1868-
_yJapan -- History -- 1868-
_6S48278.1
949 _aDS881
_wlcc
_i33729001831473
_mMAIN
_tBOOK
_lON-SHELF
004 25758
999 _c184588
_d184588